| 000 | 00765nam a22002777a 4500 | ||
|---|---|---|---|
| 001 | BS2023000551 | ||
| 003 | BR-BrBNA | ||
| 005 | 20231207115814.0 | ||
| 008 | 231207b bl.||||| |||| 00| 0 por d | ||
| 020 | _a85.326.0210-X | ||
| 040 |
_aBR-BrBNA _bpor |
||
| 041 | _apor | ||
| 072 | _aE11 | ||
| 100 |
_4aut. _aFritzen, Silvino José |
||
| 245 |
_aExercícios práticos de dinâmica de grupo : _bVolume 1 / _cSilvino José Fritzen |
||
| 250 | _a27 ed. | ||
| 260 |
_aPetrópolis, RJ : _bEditora Vozes, _c1999. |
||
| 300 | _a85 p. | ||
| 650 | _aRELAÇÕES HUMANAS | ||
| 650 | _aDINÂMICA EM GRUPO | ||
| 650 | _aEXERCÍCIOS PRÁTICOS | ||
| 856 | _yTexto integral | ||
| 909 |
_a202312 _bAna Lívia |
||
| 942 | _cBK | ||
| 999 |
_c259889 _d259889 |
||